000 00577nam a2200241Ia 4500
003 OSt
005 20221005115546.0
006 a|||||r|||| 00| 0
007 ta
008 221004b |||||||| |||| 00| 0 eng d
024 _a61913
037 _cTextual
040 _aCRL
_cCRL
_beng
041 _2eng
_aeng
082 _aS1:7, J2
100 _aFerrell Guy V.
_9627743
245 0 _aChild observational guide
260 _c1952
300 _avp.
_ccm.
650 _aPSYCHOLOGY
942 _hS1:7, J2
_cTEXL
_2cc
999 _c1035194
_d1035194